000 00604cam a2200217 4500
008 090401t1988 xxu||||| |||| 00| 0 eng d
020 _a0419144404
035 _a(Sirsi) u60987
041 _aeng
050 _a658.99
110 _aDearle and Henderson
_93128
245 _aManagement contracting : a practice manual
260 _aLondon
_bE. and F.N. Spon
_c1988
300 _a113p. ; 24cm.
350 _a22.5
650 _aBUILT ENVIRONMENT-BUILDING CONTRACT FORMS
650 _aMANAGEMENT CONTRACTING
650 _aBUILT ENVIRONMENT-QUANTITY SURVEYING
942 _n0
948 _c04/03/1997
999 _c94276
_d94276